Statistics for Guess the well known movies from one word

Click here to take the quiz!

General Stats

  • This quiz has been taken 131 times
  • The average score is 6 of 10

Answer Stats

HintAnswer% Correct
DorothyThe Wizard of Oz
93%
ObiStar Wars
86%
WoodyToy Story
83%
MarshmallowGhostbusters
54%
MyersHalloween
53%
ShowerPsycho
53%
ChiantiSilence of the Lambs
43%
MandiblesJaws
34%
ZukoGrease
31%
Umbrellas!Singing in the Rain
28%

Score Distribution

Percentile by Number Answered

Percent of People with Each Score

Your Score History

You have not taken this quiz